01212nam a22002297a 450000500170000000800410001702000150005804000090007304100080008208200210009010000220011124500390013326000370017230000300020936500430023944000100028252006110029265000220090365000230092565000100094870000240095820220331113859.0220331b ||||| |||| 00| 0 eng d a8185402345 cAloy aeng 223a328.54bKASH aSubhash C Kashyap aHistory of the parliament of India aDelhibShipra Publicationsc1994 axiv,345 p.bHBc24x16 cm. 2Political Scienceb350.00c₹d350.00 vVol 1 aThese six volumes objectively trace and authoritatively narrate the fascinating story of representative parliamentary institutions in India and presents a History of the Parliament of India from the earliest beginning to Tenth Lok Sabha. Dr. Shankar Dayal Sharma’s opinion, “… pains taking work which is useful addition….”; the Tribune (Review), “… a mine of information…should become a singular contribution in this field”; Journal of Legislative Studies, U.K. (Review), “very penetrating analysis…an epitome of knowledge in a field of sparse literature….” (First Published 1995) aPolitical Science aLegislative Bodies aIndia aKASHYAP (Subhash C)